00295pab a2200121 454500008004000000100001600040245004400056260000900100300001200109362001400121650001400135773002400149180718b1988 xxu||||| |||| 00| 0 eng d aHirst, Paul aRepresentative democracy and its limits c1988 a190-205 aApr.-Jun. aDemocracy aPolitical Quarterly